Researching race and ethnicity: methods, knowledge and power (Record no. 80170)

MARC details
000 -LEADER
fixed length control field 00820nam a2200193 a 4500
008 - FIXED-LENGTH DATA ELEMENTS--GENERAL INFORMATION
fixed length control field 081201s2003 ||||||||||||||||| || u
020 ## - INTERNATIONAL STANDARD BOOK NUMBER
International Standard Book Number 0761972870
050 ## - LIBRARY OF CONGRESS CALL NUMBER
Classification number HT 1506 Gun
100 ## - MAIN ENTRY--PERSONAL NAME
Personal name Gunaratnam, Yasmin
245 10 - TITLE STATEMENT
Title Researching race and ethnicity: methods, knowledge and power
260 ## - PUBLICATION, DISTRIBUTION, ETC.
Place of publication, distribution, etc. London
Name of publisher, distributor, etc. SAGE Publications
Date of publication, distribution, etc. 2003
300 ## - PHYSICAL DESCRIPTION
Extent ix, 218p.
350 ## -
-- 0.00
650 ## - SUBJECT ADDED ENTRY--TOPICAL TERM
Topical term or geographic name entry element RACE AWARENESS
650 ## - SUBJECT ADDED ENTRY--TOPICAL TERM
Topical term or geographic name entry element RACE--RESEARCH
650 ## - SUBJECT ADDED ENTRY--TOPICAL TERM
Topical term or geographic name entry element ETHNICITY--RESEARCH
995 ## -
-- MAIN LIBRARY OPEN ACCESS
-- 0.00
-- 739283
-- CBU-MAIN LIBRARY (Kitwe)
-- 1
-- 0.00
-- HT 1506 Gun
-- 1
-- AVAILABLE
-- Jan 26, 2009
-- 739283
-- Main Library Open Access Collection
995 ## -
-- MAIN LIBRARY OPEN ACCESS
-- 0.00
-- 739829
-- CBU-MAIN LIBRARY (Kitwe)
-- 1
-- 0.00
-- HT 1506 Gun
-- 2
-- AVAILABLE
-- Apr 23, 2009
-- 739829
-- Main Library Open Access Collection
999 ## -
-- 80170
-- 80170
Holdings
Withdrawn status Lost status Source of classification or shelving scheme Damaged status Not for loan Permanent Location Current Location Shelving location Date acquired Total Checkouts Full call number Barcode Date last seen Copy number Price effective from Koha item type
          CBU-MAIN LIBRARY, KITWE. CBU-MAIN LIBRARY, KITWE.   06/29/2023   HT 1506 Gun 739283 06/29/2023 1 06/29/2023 MONOGRAPH
          CBU-MAIN LIBRARY, KITWE. CBU-MAIN LIBRARY, KITWE.   06/29/2023   HT 1506 Gun 739829 06/29/2023 2 06/29/2023 MONOGRAPH